| 000 | 005870000a22001810004500 | ||
|---|---|---|---|
| 003 | MACL | ||
| 005 | 20160510125913.0 | ||
| 008 | 160510b xxu||||| |||| 00| 0 eng d | ||
| 040 |
_aMACL _cMACL |
||
| 041 | _aHindi | ||
| 082 | _a891.431 NAS | ||
| 100 |
_aनसरीन, तसलीमा _955890 |
||
| 245 |
_aतसलीमा नसरीन की कविताऍ _cतसलीमा नसरीन |
||
| 260 |
_bनवाेदय सेल्स _c1994 _aनई दिल्ली |
||
| 350 | _a95 | ||
| 650 |
_aPoetry _955891 |
||
| 942 |
_cHIN _k891.431/NAS/P _2ddc |
||
| 999 |
_c20220 _d20220 |
||